| 000 | 00751nam a22002177a 4500 | ||
|---|---|---|---|
| 003 | OSt | ||
| 005 | 20260121022044.0 | ||
| 008 | 260121b |||||||| |||| 00| 0 eng d | ||
| 020 | _a0-8356-0715-1. | ||
| 040 |
_aDWC-Main lib. _cOC |
||
| 082 |
_22nd ed. _aCirc. 111.82 L552 1995 |
||
| 100 | _aLemkow, Anna F. | ||
| 245 |
_aThe wholeness principle : _bdynamics of unity within science, religion and society/ _cAnna F. Lemkow |
||
| 260 |
_aWheaton, Ill. : _bThe Theosophical Publishing House, _cc1995. |
||
| 300 |
_axxiii, 322 p. ; _c21 cm. |
||
| 504 | _aIncludes bibliographical references and index. | ||
| 650 | _a1. Theosophy. | ||
| 650 | _a2. Whole and parts (Philisophy). | ||
| 760 | _b2nd ed. | ||
| 942 |
_2ddc _cBK-CIRC _e2nd ed. _hCirc. _n0 |
||
| 999 |
_c7625 _d7625 |
||